zpět

Detail výsledku týmu

Dělnický dům, Jihlava

Datum a čas kvízu

32 Celkem bodů Celkový počet nahraných bodů na tomto kvízu bez doplňovacích otázek.
1. Pořadí na kvízu Konečné umístění týmu na tomto kvízu.

Zaznamenané odpovědi

# Otázka Odpověď Body Výsledky
1. Symbolický poslední vozík s tu... Lazy 0
2. Prezident USA v úterý tradičně... Butter (Máslo), Bread (Chléb) 1
3. Na televizní obrazovky se vrac... Hana 1
4. Podnikatel a vizionář Elon Mus... TMBK 0
5. Biatlonová sezona byla zahájen... Dorothea Wiererová 0
6. V tomto tématu se podíváme na... korunní lístek 1
7. Časopis Květy je zřejmě nejsta... A 1
8. Nestorka českého ženského teni... Peschke 0
9. Z následujících rostlin vybert... D 1
10. Zřejmě nejslavnější českou fil... dědeček vycinkal 0